Satisfação no trabalho e no emprego (Registo nº 199161)

Detalhes MARC
000 -Etiqueta do registo
Valores 00742nam 22002053 4500
100 ## - Dados gerais de processamento
Dados gerais 20251119d u||y0pory50 ba
200 ## - Titulo e menção de responsabilidade
Título próprio Satisfação no trabalho e no emprego
Primeira menção de responsabilidade Robert Francès
Outras menções de responsabilidade tradução de Fernando Leorne ; prefácio Paulo Ferreira da Cunha
210 ## - Publicação
Local de publicação Porto
Nome do editor Rés
Data de publicação imp. 1984
215 ## - Descrição física 
Paginação / Volumes 187, [7] p.
Outras indicações físicas encadernado
Dimensões 22 cm
225 ## - Colecção 
Título próprio da colecção Sociologia. 1ª série
606 ## - Nome comum usado como assunto
ID Autoridade 11922
Palavra de ordem Relações humanas no seio da empresa. Gestão e administração de recursos humanos
675 ## - CDU
Notação 658.3
Edição PT
Língua por
700 ## - Autor principal (pessoa individual)
ID Autoridade 15061
Apelido Francès
Nome Robert
Datas 1919-2012
702 ## - Autor secundário (pessoa individual)
ID Autoridade 11932
Apelido Leorne
Nome Fernando
702 ## - Autor secundário (pessoa individual)
ID Autoridade 12591
Apelido Cunha
Nome Paulo Ferreira da
801 ## - Fonte de origem
País PT
Agência BMMN
Regras de catalogação RPC
830 ## - Notas gerais do catalogador
Criado por Vanda
990 ## - Elementos KOHA
Tipo de documento Livro
Exemplares
Situação do levantamento Biblioteca de origem Código de barras Cota Permissão de empréstimo Tipo de documento Forma de aquisição
  Biblioteca Municipal de Montemor-o-Novo 27925 658.3 FRA|DEP   Livro Compra

Powered by Koha